| 000 | 00922 a2200229 4500 | ||
|---|---|---|---|
| 005 | 20251219162517.0 | ||
| 008 | 251219b |||||||| |||| 00| 0 eng d | ||
| 020 | _a9789348338488 (pbk) | ||
| 037 | _cTB | ||
| 040 |
_aCRL _cCRL |
||
| 041 |
_2pun _apun |
||
| 084 |
_aQ8441:332xI79 153R5 _qCRL |
||
| 100 |
_aਸੋਢੀ , ਪਰਮ੍ਪਾਲ ਸਿੰਘ _9850716 |
||
| 245 |
_aਸ਼੍ਰੀ ਅਮਰਦਾਸ ਜੀ _b/ ਪਰਮ੍ਪਾਲ ਸਿੰਘ ਸੋਢੀ |
||
| 246 | _aSri Guru Amardas ji- Aduti jeean ate den / Sodhi, Parampal Singh | ||
| 260 |
_aਸਮਾਨਾ, ਭਾਰਤ: _bNavrang Publications, _c2025. |
||
| 300 | _a79ਪ. | ||
| 365 |
_b150.00 _cINR |
||
| 650 | _2ਸਿੱਖ ਧਰਮ | ||
| 942 |
_cTB _2CC _n0 _hQ8441:332xI79 153R5 |
||
| 999 |
_c1465243 _d1465243 |
||